Трое уцелевших. Наковальня времени. Открыть небо: пер. с англ.

Détails bibliographiques
Auteur principal: Силверберг Р. Роберт
Résumé:В этой книге представлены произведения «неизвестного» Р. Силверберга (ранее издавались лишь рассказы известного американского писателя-фантаста). Романы «Наковальня времени» и «Открыть небо» относятся к жанру «антиутопия», «Трое уцелевших» — роман о контактах с внеземными цивилизациями. Романы написаны в живой, увлекательной форме, обильно сдобрены юмором и сексом.
Langue:russe
Publié: Киев, Зовнiшторгвидав Украiни, 1993
Collection:VEGA
Sujets:
Format: Livre
KOHA link:https://koha.lib.tpu.ru/cgi-bin/koha/opac-detail.pl?biblionumber=105504

MARC

LEADER 00000nam0a2200000 4500
001 105504
005 20231031114427.0
010 |a 5850250905 
035 |a (RuTPU)RU\TPU\book\113850 
090 |a 105504 
100 |a 20061117d1993 m y0rusy50 ca 
101 1 |a rus  |c eng 
102 |a UA 
105 |a y z 000ay 
200 1 |a Трое уцелевших. Наковальня времени. Открыть небо  |e пер. с англ.  |f Р. Силверберг 
210 |a Киев  |c Зовнiшторгвидав Украiни  |d 1993 
215 |a 480 с. 
225 1 |a VEGA 
330 |a В этой книге представлены произведения «неизвестного» Р. Силверберга (ранее издавались лишь рассказы известного американского писателя-фантаста). Романы «Наковальня времени» и «Открыть небо» относятся к жанру «антиутопия», «Трое уцелевших» — роман о контактах с внеземными цивилизациями. Романы написаны в живой, увлекательной форме, обильно сдобрены юмором и сексом. 
610 1 |a американская литература 
610 1 |a рассказы 
610 1 |a романы 
675 |a 82  |v 3 
700 1 |a Силверберг  |b Р.  |g Роберт 
801 1 |a RU  |b 63413507  |c 20061117  |g PSBO 
801 2 |a RU  |b 63413507  |c 20120412  |g PSBO 
942 |c BK